000 00453nam a2200193 i 4500
001 bgj
100 1 _aBELLOW, Saul
_d(1915-2005)
245 1 0 _aHumboldt's gift /
_cSaul Bellow.
260 _aNew York :
_bAvon,
_c1976.
300 _a471 pp ;
_c18 cm.
650 9 _aFriendship
650 9 _aPoets
020 _a0380508729
040 _cBPK
041 0 _aeng
920 _a0-380-50872-9
942 _cKS
008 s uk f |000 0 eng
999 _c48684
_d48684